Contabilidad la base para las decisiones comerciales / (Registro nro. 11454)
[ vista simple ]
| 000 -LEADER | |
|---|---|
| fixed length control field | 01767nam a2200265Ia 4500 |
| 003 - CONTROL NUMBER IDENTIFIER | |
| control field | OSt |
| 005 - DATE AND TIME OF LATEST TRANSACTION | |
| control field | 20210406151859.0 |
| 008 - FIXED-LENGTH DATA ELEMENTS--GENERAL INFORMATION | |
| fixed length control field | 210310s1983 ck gr 000 0 spa d |
| 020 ## - INTERNATIONAL STANDARD BOOK NUMBER | |
| International Standard Book Number | 9586001636 |
| 040 ## - CATALOGING SOURCE | |
| Original cataloging agency | CO-JMCR |
| Transcribing agency | CO-JMCR |
| 041 1# - LANGUAGE CODE | |
| Language code of text/sound track or separate title | spa |
| Language code of original | eng |
| 082 04 - DEWEY DECIMAL CLASSIFICATION NUMBER | |
| Classification number | 657 / |
| Item number | M512c |
| Edition number | 23 |
| 100 1# - MAIN ENTRY--PERSONAL NAME | |
| Personal name | Meigs, Robert F., |
| Relator term | autor |
| 9 (RLIN) | 25562 |
| 245 #0 - TITLE STATEMENT | |
| Title | Contabilidad la base para las decisiones comerciales / |
| Statement of responsibility, etc. | Robert F. Meigs, Walter B. Meigs ; traducción, Gonzalo Sinisterra |
| 250 ## - EDITION STATEMENT | |
| Edition statement | Tercera edición |
| 260 ## - PUBLICATION, DISTRIBUTION, ETC. | |
| Place of publication, distribution, etc. | Bogotá : |
| Name of publisher, distributor, etc. | McGraw-Hill, |
| Date of publication, distribution, etc. | 1993. |
| 300 ## - PHYSICAL DESCRIPTION | |
| Other physical details | 2 volúmenes ; |
| Dimensions | 24 cm. |
| 500 ## - GENERAL NOTE | |
| General note | incluye índice. |
| 505 0# - FORMATTED CONTENTS NOTE | |
| Miscellaneous information | v.1 / |
| Title | El lenguaje de los negocios -- Registros de cambios en la situación financiera. -- Medición de la utilidad comercial. -- Terminación del ciclo contable. -- Inventarios. -- Control interno. -- Control de las transacciones en efectivo. -- Cuentas documentos por cobrar. -- Propiedades, planta y equipo, depreciación y activos intangibles |
| Miscellaneous information | v.2 |
| Title | Principios y conceptos de contabilidad: efectos de la inflación. -- Pasivos corrientes y contabilización de nomina. -- Bonos por pagar, contratos de arrendamiento y otros pasivos. -- Sociedades por cuotas o partes de interés. -- Sociedades por acciones: organización y patrimonio de los accionistas. -- Inversiones en valores negociables de sociedades. -- Estado de cambio en la situación financiera de flujo de efectivo. -- Análisis e interpretación de estados financieros. -- Contabilidad por áreas de responsabilidad: departamentos y sucursales. |
| 650 14 - SUBJECT ADDED ENTRY--TOPICAL TERM | |
| Topical term or geographic name entry element | Contabilidad |
| 9 (RLIN) | 25564 |
| 650 24 - SUBJECT ADDED ENTRY--TOPICAL TERM | |
| Topical term or geographic name entry element | Control interno |
| General subdivision | contabilidad |
| 9 (RLIN) | 36638 |
| 700 ## - ADDED ENTRY--PERSONAL NAME | |
| Personal name | Meigs, Walter B., |
| Relator term | autor |
| 9 (RLIN) | 36639 |
| 700 ## - ADDED ENTRY--PERSONAL NAME | |
| Personal name | Sinisterra, Gonzalo, |
| Relator term | traductor |
| 9 (RLIN) | 36640 |
| 942 ## - ADDED ENTRY ELEMENTS (KOHA) | |
| Source of classification or shelving scheme | Dewey Decimal Classification |
| Koha item type | Books |
| Withdrawn status | Lost status | Source of classification or shelving scheme | Damaged status | Not for loan | Home library | Current library | Shelving location | Date acquired | Source of acquisition | Full call number | Barcode | Date last seen | Copy number | Price effective from | Koha item type | Total Checkouts |
|---|---|---|---|---|---|---|---|---|---|---|---|---|---|---|---|---|
| Dewey Decimal Classification | Biblioteca Pública José María del Castillo y Rada | Biblioteca Pública José María del Castillo y Rada | General Stacks | Donación | 657 / M512c | 430011718 | 05/16/2024 | v.1 / Ej.1 | Books | |||||||
| Dewey Decimal Classification | Biblioteca Pública José María del Castillo y Rada | Biblioteca Pública José María del Castillo y Rada | General Stacks | Donación | 657 / M512c | 430011719 | 05/16/2024 | v.2 / ej.1 | Books |